00454nam a2200169Ia 450000100060000000800410000602000070004704000130005408200180006710000190008524500690010426000420017330000110021554600070022665000340023370000170026766799150514s9999 xx 000 0 und d aNA cPK-LaUMT a 158.1bCOL-S aColier, Robert aSadion kay raz [the secret of ages]cColier, Robert|Nuzhat Javed aLahore,Pakistan:bDar ul Shaor,c2013 a328 p. aUR aSelf actualization-Psychology aNuzhat Javed